000 01154nam a22003857a 4500
001 BR0600609
003 BR-BrBNA
005 20230928102049.0
007 ta
008 230509b bl.||||| |||| 00| 0 por d
040 _aBR-BrBNA
_bpor
_cBiblioteca Nacional de Agricultura
041 _a(Por)
072 _aL02; L51; Q54
_b5240
090 _ 5240 BR0600609
100 1 _aRogério, M.C.P.
110 1 _aUniversidade Federal de Minas Gerais, Belo Horizonte (Brasil). Escola de Veterinária
_0Tese (Doutor em Ciência Animal)
245 1 _aValor nutritivo de subprodutos de frutas para ovinos
260 3 _aBelo Horizonte, MG (Brasil):
_c2005.
300 _a318 p.
500 _aSummaries (Eng, Por); Several bibliography; 52 illus.; 136 tables
650 _aOVINO
650 _aNUTRIÇÃO ANIMAL
650 _aFISIOLOGIA ANIMAL
650 _aALIMENTO PARA ANIMAL
650 _aRAÇÃO
650 _aDIETA
650 _aFRUTA
650 _aSUBPRODUTO
650 _aFIBRA
650 _aVALOR NUTRITIVO
650 _aDIGESTIBILIDADE APARENTE
650 _aFERMENTAÇÃO
909 _a202309
_bLucia
_c55
_dLucia Elande
942 _cBK
999 _c68966
_d68966